000 00420pab a2200157 454500
008 180718b1997 xxu||||| |||| 00| 0 eng d
100 _aDogra, Bharat
245 _aProtection of wildlife: working with people, not against them
260 _c1997
300 _ap.1584-586
362 _a5 Jul
650 _aWild animals
650 _aWildlife conservation
773 _aEconomic and Political Weekly
909 _a34822
999 _c34822
_d34822